Environmental health and hazard risk assessment: (Record no. 3183)
[ view plain ]
| 000 -LEADER | |
|---|---|
| fixed length control field | 00725nam a22002297a 4500 |
| 003 - CONTROL NUMBER IDENTIFIER | |
| control field | OSt |
| 005 - DATE AND TIME OF LATEST TRANSACTION | |
| control field | 20220107122719.0 |
| 008 - FIXED-LENGTH DATA ELEMENTS--GENERAL INFORMATION | |
| fixed length control field | 130816b xxu||||| |||| 00| 0 eng d |
| 020 ## - INTERNATIONAL STANDARD BOOK NUMBER | |
| International Standard Book Number | 9781439868874 |
| 040 ## - CATALOGING SOURCE | |
| Transcribing agency | IIITM-K |
| 082 ## - DEWEY DECIMAL CLASSIFICATION NUMBER | |
| Classification number | 333.7 THE/E |
| 100 ## - MAIN ENTRY--PERSONAL NAME | |
| Personal name | Theodore, Louis |
| 9 (RLIN) | 1547 |
| 245 ## - TITLE STATEMENT | |
| Title | Environmental health and hazard risk assessment: |
| Remainder of title | Principles and calculations |
| Statement of responsibility, etc. | by Louis Theodore, R Ryan Dupont |
| 260 ## - PUBLICATION, DISTRIBUTION, ETC. | |
| Place of publication, distribution, etc. | Boca Raton, |
| Name of publisher, distributor, etc. | Taylor & Francis, |
| Date of publication, distribution, etc. | 2012. |
| 300 ## - PHYSICAL DESCRIPTION | |
| Extent | xxiv, 612p. |
| 650 ## - SUBJECT ADDED ENTRY--TOPICAL TERM | |
| Topical term or geographic name entry element | ENVIRONMENTAL SCIENCES |
| 9 (RLIN) | 1548 |
| 650 ## - SUBJECT ADDED ENTRY--TOPICAL TERM | |
| Topical term or geographic name entry element | ENVIRONMENTAL ENGINEERING |
| 9 (RLIN) | 1549 |
| 650 ## - SUBJECT ADDED ENTRY--TOPICAL TERM | |
| Topical term or geographic name entry element | HEALTH RISK ASSESSMENT |
| 9 (RLIN) | 1550 |
| 650 ## - SUBJECT ADDED ENTRY--TOPICAL TERM | |
| Topical term or geographic name entry element | HAZARD RISK ASSESSMENT |
| 9 (RLIN) | 1551 |
| 700 ## - ADDED ENTRY--PERSONAL NAME | |
| Personal name | Dupont, R Ryan |
| 9 (RLIN) | 1552 |
| 942 ## - ADDED ENTRY ELEMENTS (KOHA) | |
| Source of classification or shelving scheme | Dewey Decimal Classification |
| Koha item type | Books |
| Withdrawn status | Lost status | Source of classification or shelving scheme | Damaged status | Not for loan | Collection code | Home library | Current library | Shelving location | Date acquired | Cost, normal purchase price | Total Checkouts | Full call number | Barcode | Date last seen | Date last checked out | Price effective from | Koha item type |
|---|---|---|---|---|---|---|---|---|---|---|---|---|---|---|---|---|---|
| Dewey Decimal Classification | Environmental/ Ecological Economics | Kerala University of Digital Sciences, Innovation and Technology Knowledge Centre | Kerala University of Digital Sciences, Innovation and Technology Knowledge Centre | Economics | 16/08/2013 | 5047.00 | 1 | 333.7 THE/E | 2845 | 02/02/2026 | 19/01/2026 | 16/08/2013 | Books |